| 000 | 00725nam a2200193Ia 4500 | ||
|---|---|---|---|
| 008 | 0000001984 sp a 0000000000spa00 | ||
| 090 | _aPSP00 L15f | ||
| 100 | 1 |
_aLamazares, Anton _d1954 |
|
| 245 | 1 | 0 | _aFervores, temores y primores de Anton Lamazares |
| 300 |
_a1 plegable [8] p. _c/ 23 cm. |
||
| 500 | _aExposición realizada en Galeria Juana Mordó, Madrid, Febrero 1722, 1984 \ Con el patronazgo de la empresa colombiana PLARESA | ||
| 600 | 0 | 0 |
_aLAMAZARES, ANTON, 1954/ _xTRABAJOS PICTORICOS |
| 650 | 1 | 4 | _aARTE CONTEMPORANEO ESPAÑOL |
| 650 | 1 | 4 | _xCATALOGOS |
| 650 | 1 | 4 | _xEXPOSICIONES |
| 650 | 1 | 4 | _aPINTORES ESPAÑOLES |
| 650 | 1 | 4 | _aPINTURA ESPAÑOLA |
| 999 |
_c7709 _d7709 |
||
| 260 |
_aMadrid : Galerie Juana Mordo _c1984 |
||